FC 26 Trophy Titans - Statistics

General Stats
  • This quiz has been taken 10 times
    6 since last reset
  • The average score is 32 of 60
Answer Stats
rat pos club playrer % Correct
Trophy Titans Icon 94 CB Spain Carles Puyol
100%
Trophy Titans Icon 94 GK Italy Gianluigi Buffon
100%
Trophy Titans Icon 94 RB France Lilian Thuram
100%
Trophy Titans Icon 95 LB Brazil Marcelo
100%
Trophy Titans Icon 95 CB Italy Paolo Maldini
100%
Trophy Titans Icon 95 LW Brazil Ronaldinho
100%
Trophy Titans Icon 95 CAM Netherlands Ruud Gullit
100%
Trophy Titans Icon 96 ST France Thierry Henry
100%
Trophy Titans Icon 96 CAM France Zinedine Zidane
100%
Trophy Titans Icon 96 ST United States Alex Morgan
83%
Trophy Titans Icon 96 CM Germany Bastian Schweinsteiger
83%
Trophy Titans Icon 94 ST Germany Birgit Prinz
83%
Trophy Titans Icon 95 RB Brazil Cafu
83%
Trophy Titans Icon 94 CB Germany Franz Beckenbauer
83%
Trophy Titans Icon 92 ST Wales Ian Rush
83%
Trophy Titans Icon 93 GK Germany Nadine Angerer
83%
Trophy Titans Icon 92 ST England Alan Shearer
67%
Trophy Titans Icon 92 CB Italy Alessandro Nesta
67%
Trophy Titans Icon 93 ST Ukraine Andriy Shevchenko
67%
Trophy Titans Icon 92 CM England Daniel Beckham
67%
Trophy Titans Icon 93 CB Spain Fernando Hierro
67%
Trophy Titans Icon 91 ST England Gary Lineker
67%
Trophy Titans Icon 92 RB Argentina Javier Zanetti
67%
Trophy Titans Icon 93 CB France Marcel Desailly
67%
Trophy Titans Icon 94 ST Netherlands Marco van Basten
67%
Trophy Titans Icon 94 CAM Italy Roberto Baggio
67%
Trophy Titans Icon 93 LM France Robert Pirès
67%
Trophy Titans Icon 91 CB England Sol Campbell
67%
Trophy Titans Icon 92 LB England Ashley Cole
50%
Trophy Titans Icon 93 CB England Bobby Moore
50%
Trophy Titans Icon 94 CDM France Claude Makélélé
50%
Trophy Titans Hero 91 ST Premier League Dimitar Berbatov
50%
Trophy Titans Hero 94 LM Premier League Eden Hazard
50%
Trophy Titans Icon 93 ST Spain Emilio Butragueño
50%
Trophy Titans Icon 92 ST Bulgaria Hristo Stoichkov
50%
Trophy Titans Icon 91 ST Sweden Hugo Larsson
50%
Trophy Titans Icon 90 CAM Argentina Juan Román Riquelme
50%
Trophy Titans Icon 88 CM Argentina Juan Sebastián Verón
50%
Trophy Titans Icon 92 CAM Brazil Kaká
50%
Trophy Titans Hero 93 RB WSL Alex Scott
33%
Trophy Titans Icon 92 ST France Eric Cantona
33%
Trophy Titans Icon 93 ST Italy Francesco Totti
33%
Trophy Titans Hero 91 ST Serie A Gianluca Vialli
33%
Trophy Titans Hero 89 CB Premier League Jamie Carragher
33%
Trophy Titans Icon 94 ST Netherlands Patrick Kluivert
33%
Trophy Titans Hero 93 CDM Premier League Ramires
33%
Trophy Titans Hero 89 LB Première Ligue Sonia Bompastor
33%
Trophy Titans Hero 89 CB Serie A Andrea Barzagli
17%
Trophy Titans Hero 90 LB Bundesliga Bixente Lizarazu
17%
Trophy Titans Hero 90 CAM LPF Enzo Francescoli
17%
Trophy Titans Hero 94 ST La Liga Fernando Morientes
17%
Trophy Titans Icon 89 ST England Ian Wright
17%
Trophy Titans Hero 91 CB Bundesliga Jürgen Kohler
17%
Trophy Titans Hero 92 ST Bundesliga Mario Gómez
17%
Trophy Titans Icon 93 ST England Wayne Rooney
17%
Trophy Titans Hero 93 ST Premier League carlos Tévez
0%
Trophy Titans Hero 92 ST Bundesliga Claudio Pizarro
0%
Trophy Titans Hero 91 ST Serie A Diego Milito
0%
Trophy Titans Hero 91 RB La Liga Míchel Salgado
0%
Trophy Titans Hero 90 ST Premier League Nwankwo Kanu
0%
No matching quizzes found
Score Distribution
Percent of People with Each Score
Percentile by Number Answered
Your Score History
You have not taken this quiz since the last reset